Makroekonomické rozhodovacie procesy vybrané seminárne témy

Saved in:
Bibliographic Details
Main Author: Bacová, Viera
Corporate Author: Ekonomická univerzita v Bratislave. Národohospodárska fakulta
Other Authors: Mokrý, Vladimír
Format: Book
Language:Slovak
Published: Bratislava Vydavateľstvo Ekonóm 1998
Subjects:
Tags: Add Tag
No Tags, Be the first to tag this record!

MARC

LEADER 00000nam a2200000 4500
001 c104404
005 20221123133024.5
020 |a 80-225-0955-8 
041 0 |a slo 
044 |a SK 
245 1 0 |a Makroekonomické rozhodovacie procesy  |b vybrané seminárne témy  |c Viera Bacová, Vladimír Mokrý 
264 1 |a Bratislava  |b Vydavateľstvo Ekonóm  |c 1998 
300 |a 79 s. 
610 2 0 |a procesy rozhodovacie 
610 2 0 |a makroekonomika 
610 2 0 |a trh 
610 2 0 |a dopyt 
610 2 0 |a ponuka 
610 2 0 |a cykly hospodárske 
610 2 0 |a efektívnosť ekonomická 
610 2 0 |a kapitál 
610 2 0 |a podnikanie 
610 2 0 |a politika hospodárska 
610 2 0 |a štát 
610 2 0 |a inflácia 
610 2 0 |a nezamestnanosť 
610 2 0 |a politika fiškálna 
610 2 0 |a mikroštruktúra 
610 2 0 |a mikroekonomika 
610 2 0 |a konkurencia 
610 2 0 |a podnik 
610 2 0 |a regulácia 
100 1 |a Bacová, Viera 
700 1 |a Mokrý, Vladimír 
710 2 |a Ekonomická univerzita v Bratislave. Národohospodárska fakulta